Yeni Aşka Gazel (Record no. 900)

000 -LEADER
fixed length control field 00443nam a22001697a 4500
008 - FIXED-LENGTH DATA ELEMENTS--GENERAL INFORMATION
fixed length control field 170407b xxu||||| |||| 00| p tur d
020 ## - INTERNATIONAL STANDARD BOOK NUMBER
International Standard Book Number 975331860X
041 ## - LANGUAGE CODE
Language code of text/sound track or separate title Türkçe
050 ## - LIBRARY OF CONGRESS CALL NUMBER
Classification number PL234.B4135
100 ## - MAIN ENTRY--PERSONAL NAME
Personal name Behramoğlu, Ataol
9 (RLIN) 155
245 ## - TITLE STATEMENT
Title Yeni Aşka Gazel
Statement of responsibility, etc. Ataol Behramoğlu
250 ## - EDITION STATEMENT
Edition statement 2. Baskı
260 ## - PUBLICATION, DISTRIBUTION, ETC.
Place of publication, distribution, etc. İstanbul
Name of publisher, distributor, etc. Epsilon Yayınları
Date of publication, distribution, etc. Mart 2006
300 ## - PHYSICAL DESCRIPTION
Extent 47 sayfa
650 #0 - SUBJECT ADDED ENTRY--TOPICAL TERM
9 (RLIN) 145
Topical term or geographic name entry element Türk Edebiyatı
942 ## - ADDED ENTRY ELEMENTS (KOHA)
Source of classification or shelving scheme
Koha item type Books
Holdings
Withdrawn status Lost status Source of classification or shelving scheme Damaged status Not for loan Permanent Location Current Location Shelving location Date acquired Full call number Barcode Date last seen Price effective from Koha item type
        Ödünç verilemez İmren Ahmet Tüzün Kütüphanesi İmren Ahmet Tüzün Kütüphanesi Ahmet Tüzün 2017-08-02 PL234.B4135 100100000885 2017-08-02 2017-08-02 Books

This software was implemented, installed and managed by Devinim Software Training Consulting .